An Account of the Growth of Deism in England

Saved in:
Bibliographic Details
Main Author: Stephens, William
Format: Electronic eBook
Language:English
Published: Project Gutenberg, 2011
Series:Project Gutenberg 37302
Online Access:http://www.gutenberg.org/etext/37302
Rights
Tags: Add Tag
No Tags, Be the first to tag this record!
Call Number :

MARC

LEADER 00000cam a22000003a 4500
001 87026
003 MY-KLNDU
005 20241219044109.0
008 210403s2011||||xxu|||||s|||||000 | eng d
035 |a (PGUSA)37302 
039 9 |y 202104031623  |z VLOAD 
040 |a PGUSA  |b eng 
042 |a dc 
100 1 |a Stephens, William 
245 1 3 |a An Account of the Growth of Deism in England  |h [electronic resource] /  |c by William Stephens 
260 |b Project Gutenberg,  |c 2011 
500 |a Project Gutenberg 
506 |a Freely available. 
516 |a Electronic text 
599 |a Dummy Record 
830 0 |a Project Gutenberg  |v 37302 
856 4 0 |u http://www.gutenberg.org/etext/37302 
856 4 2 |u http://www.gutenberg.org/license  |3 Rights 
999 |a vtls000098841  |c 87026  |d 87026